Weltseeverkehr <Die> Rezession wirft lange Schatten

Saved in:
Bibliographic Details
Main Author: Böhme, Hans
Format: Book
Language:German
Published: Kiel Institut für Weltwirtschaft 1994
Edition:1. Aufl.
Series:Kieler Diskussionsbeiträge 230
Subjects:
Tags: Add Tag
No Tags, Be the first to tag this record!

MARC

LEADER 00000nam a2200000 4500
001 c005387
005 20250512095307.8
020 |a 3-89456-070-3 
041 0 |a ger 
044 |a DE 
245 1 0 |a Weltseeverkehr  |b <Die> Rezession wirft lange Schatten  |c Hans Böhme 
250 |a 1. Aufl. 
264 1 |a Kiel  |b Institut für Weltwirtschaft  |c 1994 
300 |a 49 s. 
490 1 |a Kieler Diskussionsbeiträge  |v 230 
830 0 |a Kieler Diskussionsbeiträge  |v 230 
610 2 0 |a doprava námorná 
610 2 0 |a lode 
610 2 0 |a loďstvo 
610 2 0 |a preprava 
610 2 0 |a tonáž 
610 2 0 |a trh svetový 
610 2 0 |a ropa 
610 2 0 |a poistenie dopravné 
610 2 0 |a prognózy 
610 2 0 |a bezpečnosť 
610 2 0 |a recesia 
610 2 0 |a právo 
100 1 |a Böhme, Hans